000 00344nam a22001457a 4500
005 20230626111315.0
008 230626b ||||| |||| 00| 0 eng d
040 _cAL
041 _aeng
082 _223
_a150.92
_bBOCI
100 _aRobert Bocock
_9124833
245 _aSigmand Freud
260 _aRoutledge
_bLondon
_c2007
942 _2ddc
_cBK
999 _c227658
_d227658